000
00304nam a22001337a 4500
020
_a
0471096504
082
_a
332.67 BRA
100
_a
Branch, Ben
245
_a
Fundamentals of investing
260
_a
London
_b
A wiley/Hamilton
_c
1976
300
_a
301p.
_b
24cm.
500
_a
Include Index
942
_c
BK
999
_c
15359
_d
15359